000 00399cam a2200181 4500
001 D15000
008 090401t1961 xxu||||| |||| 00| 0 eng d
035 _a(Sirsi) u19397
041 _aeng
050 _a729.28
100 _aWalsh, John W.T
245 _aScience of daylight
260 _aLondon
_bMacdonald
_c1961
300 _a280p. 21cm
350 _a2
942 _n0
948 _c04/03/1997
999 _c87674
_d87674